000 00703nam a2200253Ia 4500
001 Para_2768
003 CHAP
008 220125s1984 xx 000 0 und d
010 _a201226
040 _cCHAP
082 _aPA 632 F5
100 _aFletcher, J. T.
_941266
245 _aDiseases of greenhouse plants /
_c by J. T. Fletcher
260 _aLondon :
_b Longman
300 _a351 p.
650 _aFitopatología Cultivos en invernadero Legumbres
_x Enfermedades Flores
_x Enfermedades
_9166102
901 _aPA 632 F5
902 _aA
905 _a0000001984 enka 0000000000 00
910 _a1984
942 _cPARA
942 _cPARA
_d1
999 _c201226
_d201226